000 00856pam a2200241 a 4500
001 000012356
005 20200929163019.0
008 890426s1991 pr a b s001 0 spa
010 _a89033983
020 _a0847724972
040 _aDO-SdBNP
_cDLC
_dDLC
050 0 0 _aLB41
_b.A3635 1989
100 2 _aAgramonte y Pichardo, Roberto Daniel,
_d1904-
_929028
245 1 4 _aLas doctrinas educativas y politicas de Marti /
_cRoberto D. Agramonte.
250 _a1a ed.
260 _aRio Piedras, P.R. :
_bEditorial de la Universidad de Puerto Rico,
_c1991.
300 _axxvii, 663 p. :
_bill. ;
_c24 cm.
504 _aIncludes bibliographical references and indexes.
650 0 _aEducation
_xAims and objectives.
_929029
600 1 0 _aMarti, Jose,
_d1853-1895
_xPolitical and social views.
_929030
910 _aCatalogación derivada
082 0 0 _a370.11
_220
999 _c12013
_d12013